In Memory of Sermo and Pepper Plant (Record no. 9946)
[ view plain ]
| 000 -LEADER | |
|---|---|
| fixed length control field | 00352nam a22001337a 4500 |
| 008 - FIXED-LENGTH DATA ELEMENTS--GENERAL INFORMATION | |
| fixed length control field | 240806b |||||||| |||| 00| 0 eng d |
| 020 ## - INTERNATIONAL STANDARD BOOK NUMBER | |
| International Standard Book Number | 9789998060036 |
| 082 ## - DEWEY DECIMAL CLASSIFICATION NUMBER | |
| Classification number | 895.1 GYE |
| 100 ## - MAIN ENTRY--PERSONAL NAME | |
| Personal name | Gyeltshen, Tempa |
| 245 ## - TITLE STATEMENT | |
| Title | In Memory of Sermo and Pepper Plant |
| 260 ## - PUBLICATION, DISTRIBUTION, ETC. | |
| Place of publication, distribution, etc. | Thimphu |
| Name of publisher, distributor, etc. | Bhutan Printing Solution |
| Date of publication, distribution, etc. | 2024 |
| 300 ## - PHYSICAL DESCRIPTION | |
| Extent | 133p. |
| Dimensions | 13cm. |
| 942 ## - Added entry Elements (Koha) | |
| Source of classification or shelving scheme | Dewey Decimal Classification |
| Withdrawn status | Lost status | Source of classification or shelving scheme | Damaged status | Not for loan | Collection code | Home library | Current library | Shelving location | Date acquired | Cost, normal purchase price | Serial Enumeration / chronology | Total Checkouts | Full call number | Barcode | Date last seen | Price effective from | Koha item type | Total Renewals | Date last checked out |
|---|---|---|---|---|---|---|---|---|---|---|---|---|---|---|---|---|---|---|---|
| Dewey Decimal Classification | Main TEST | RTC Library | RTC Library | Main opac | 06/08/2024 | 300.00 | 18724 | 895.1 GYE C.1 | 30019323 | 06/08/2024 | 06/08/2024 | Main | |||||||
| Dewey Decimal Classification | Main TEST | RTC Library | RTC Library | Main opac | 06/08/2024 | 300.00 | 18725 | 3 | 895.1 GYE C.2 | 30019228 | 10/11/2025 | 06/08/2024 | Main | 1 | 17/10/2025 | ||||
| Dewey Decimal Classification | Main TEST | RTC Library | RTC Library | Main opac | 06/08/2024 | 300.00 | 18726 | 2 | 895.1 GYE C.3 | 30019396 | 03/09/2025 | 06/08/2024 | Main | 1 | 20/08/2025 | ||||
| Dewey Decimal Classification | Main TEST | RTC Library | RTC Library | Main opac | 06/08/2024 | 300.00 | 18727 | 2 | 895.1 GYE C.4 | 30019334 | 17/03/2025 | 06/08/2024 | Main | 14/03/2025 |